| 000 | 00964nam a2200181Ia 4500 | ||
|---|---|---|---|
| 008 | 151202s9999||||xx |||||||||||||| ||und|| | ||
| 082 | _bPNVM-71745 | ||
| 100 | _aगाला ध रा/गाला धीरेन/गाला संजय. | ||
| 245 | _aनिसर्गोपचार पद्धती आरोग्याची गुरुकिल्ली. | ||
| 260 | _b"नवनीत पब्लिकेशन,अहमदाबाद." | ||
| 260 | _c7174 | ||
| 300 | _a145 | ||
| 600 | _aगाला ध रा/गाला धीरेन/गाला संजय. | ||
| 630 | _aनिसर्गोपचार पद्धती आरोग्याची गुरुकिल्ली. | ||
| 700 | _aगाला ध रा/गाला धीरेन/गाला संजय. | ||
| 730 | _aनिसर्गोपचार पद्धती आरोग्याची गुरुकिल्ली. | ||
| 942 | _cBOOK | ||
| 999 |
_c1338414 _d1338411 |
||